[Event "Budapest FS08 GM"]
[Site "Budapest"]
[Date "2024.08.10"]
[Round "9"]
[White "Pap, Misa"]
[Black "Tyurin, Artem"]
[Result "1-0"]
[WhiteElo "2396"]
[BlackElo "2381"]
[PlyCount "53"]
[EventDate "2024.08.03"]
[EventType "tourn"]
[EventRounds "9"]
[EventCountry "HUN"]
[EventCategory "6"]
[SourceTitle "CB33_2024"]
[SourceDate "2024.08.14"]
[SourceVersion "1"]
[SourceVersionDate "2024.08.14"]
[SourceQuality "1"]

1. e4 e5 2. Nf3 Nf6 3. Nxe5 d6 4. Nf3 Nxe4 5. Nc3 Nxc3 6. dxc3 Be7 7. Be3 0-0 8. Qd2 Nd7 9. 0-0-0 Nf6 10. Bd3 c5 11. Bg5 Be6 12. Rhe1 d5 13. Qf4 Re8 14. c4 Qb6 15. cxd5 Nxd5 16. Qe4 g6 17. Qh4 Bf8 18. Bc4 Nb4 19. Rxe6 Rxe6 20. c3 Bg7 21. Bd8 Qc6 22. Ng5 Qa4 23. Qxh7+ Kf8 24. Nxe6+ fxe6 25. Be7+ Kf7 26. cxb4 Qxb4 27. Bxe6+ 1-0

[Event "Budapest FS08 GM"]
[Site "Budapest"]
[Date "2024.08.09"]
[Round "8"]
[White "Tyurin, Artem"]
[Black "Bat, Bilguun"]
[Result "1/2-1/2"]
[WhiteElo "2381"]
[BlackElo "2288"]
[PlyCount "43"]
[EventDate "2024.08.03"]
[EventType "tourn"]
[EventRounds "9"]
[EventCountry "HUN"]
[EventCategory "6"]
[SourceTitle "CB33_2024"]
[SourceDate "2024.08.14"]
[SourceVersion "1"]
[SourceVersionDate "2024.08.14"]
[SourceQuality "1"]

1. c4 c5 2. Nf3 g6 3. d4 Bg7 4. e4 Qa5+ 5. Nc3 d6 6. Be2 Bg4 7. Be3 Nc6 8. d5 Bxf3 9. Bxf3 Bxc3+ 10. bxc3 Ne5 11. Qb3 Nxf3+ 12. gxf3 Qc7 13. Qb5+ Qd7 14. Rb1 0-0-0 15. Ke2 Nf6 16. Qa5 b6 17. Rxb6 axb6 18. Qa8+ Kc7 19. Qa7+ Kc8 20. Qa8+ Kc7 21. Qa7+ Kc8 22. Qa8+ 1/2-1/2

[Event "Budapest FS08 GM"]
[Site "Budapest"]
[Date "2024.08.04"]
[Round "2"]
[White "Gedajlovic, Max"]
[Black "Tyurin, Artem"]
[Result "1/2-1/2"]
[WhiteElo "2378"]
[BlackElo "2381"]
[PlyCount "74"]
[EventDate "2024.08.03"]
[EventType "tourn"]
[EventRounds "9"]
[EventCountry "HUN"]
[EventCategory "6"]
[SourceTitle "CB33_2024"]
[SourceDate "2024.08.14"]
[SourceVersion "1"]
[SourceVersionDate "2024.08.14"]
[SourceQuality "1"]

1. d4 Nf6 2. c4 e6 3. Nc3 Bb4 4. e3 0-0 5. Bd3 d5 6. a3 Bxc3+ 7. bxc3 dxc4 8. Bxc4 c5 9. Ne2 Qc7 10. Bd3 Nc6 11. f4 b6 12. 0-0 Ne7 13. e4 Bb7 14. Ng3 cxd4 15. cxd4 Qc3 16. Ra2 Qxd4+ 17. Kh1 Rfd8 18. Rd2 Qc5 19. Bb2 Ne8 20. Qe2 Qa5 21. h3 Ba6 22. f5 e5 23. Rfd1 Rxd3 24. Rxd3 f6 25. a4 Qxa4 26. Ra1 Bxd3 27. Qxd3 Qb4 28. Ba3 Qa4 29. Qb1 Nc6 30. Qa2+ Kh8 31. Qf7 Nd6 32. Bxd6 Qxa1+ 33. Kh2 Rg8 34. Bf8 Qc1 35. Bxg7+ Rxg7 36. Qf8+ Rg8 37. Qxf6+ Rg7 1/2-1/2

[Event "Budapest FS08 GM"]
[Site "Budapest"]
[Date "2024.08.03"]
[Round "1"]
[White "Tyurin, Artem"]
[Black "Yip, Carissa"]
[Result "1-0"]
[WhiteElo "2381"]
[BlackElo "2387"]
[PlyCount "59"]
[EventDate "2024.08.03"]
[EventType "tourn"]
[EventRounds "9"]
[EventCountry "HUN"]
[EventCategory "6"]
[SourceTitle "CB33_2024"]
[SourceDate "2024.08.14"]
[SourceVersion "1"]
[SourceVersionDate "2024.08.14"]
[SourceQuality "1"]

1. c4 Nf6 2. Nc3 g6 3. e4 d6 4. d4 Bg7 5. Nf3 0-0 6. Be2 e5 7. 0-0 h6 8. dxe5 dxe5 9. Be3 Bg4 10. Nxe5 Bxe2 11. Qxe2 Nxe4 12. Nxe4 Bxe5 13. f4 Bg7 14. Rad1 Qc8 15. Bd4 Bxd4+ 16. Rxd4 Qe6 17. Rd5 f5 18. Re5 Qb6+ 19. c5 Qa6 20. Qd1 fxe4 21. Qd5+ Rf7 22. Re7 Qf6 23. Rxf7 Qxf7 24. Qxb7 c6 25. Qxa8 Qc7 26. Re1 Qxf4 27. Qb7 Qe5 28. Qb3+ Kh7 29. Qf7+ Kh8 30. Qxg6 1-0

[Event "Sant Boi de Llobregat op 4th"]
[Site "Sant Boi de Llobregat"]
[Date "2023.12.06"]
[Round "7"]
[White "Vaishali, Ramesh Babu"]
[Black "Tyurin, Artem"]
[Result "1-0"]
[WhiteElo "2497"]
[BlackElo "2302"]
[PlyCount "80"]
[EventDate "2023.11.30"]
[EventType "swiss"]
[EventRounds "9"]
[EventCountry "ESP"]
[SourceTitle "CB50_2023"]
[SourceDate "2023.12.13"]
[SourceVersion "1"]
[SourceVersionDate "2023.12.13"]
[SourceQuality "1"]

1. d4 Nf6 2. Nc3 d5 3. Bf4 e6 4. Nb5 Na6 5. e3 c6 6. Nc3 Qa5 7. a3 c5 8. dxc5 Qxc5 9. Nf3 Bd7 10. Ne5 Nb8 11. Bd3 a6 12. Qf3 Bc6 13. 0-0 Nbd7 14. Qh3 Bd6 15. Nxd7 Bxd7 16. Bxd6 Qxd6 17. e4 dxe4 18. Nxe4 Nxe4 19. Bxe4 Bc6 20. Rad1 Qc5 21. b4 Qc4 22. Bd3 Qf4 23. c4 g6 24. Rfe1 0-0 25. Bf1 Ba4 26. Rd3 Qxc4 27. Qh6 Qc7 28. Rh3 f6 29. Bc4 Qg7 30. Rxe6 Qxh6 31. Re7+ Rf7 32. Rxh6 Kg7 33. Rxh7+ Kxh7 34. Rxf7+ Kh6 35. h4 Rc8 36. Bd5 Bc6 37. Be6 Rd8 38. Rxf6 Rd1+ 39. Kh2 Rd4 40. g4 Rd3 1-0

[Event "Sant Boi de Llobregat op 4th"]
[Site "Sant Boi de Llobregat"]
[Date "2023.12.03"]
[Round "4"]
[White "Tyurin, Artem"]
[Black "Trost, Edvin"]
[Result "1/2-1/2"]
[WhiteElo "2302"]
[BlackElo "2440"]
[PlyCount "70"]
[EventDate "2023.11.30"]
[EventType "swiss"]
[EventRounds "9"]
[EventCountry "ESP"]
[SourceTitle "CB50_2023"]
[SourceDate "2023.12.13"]
[SourceVersion "1"]
[SourceVersionDate "2023.12.13"]
[SourceQuality "1"]

1. c4 c6 2. d4 d5 3. Nf3 Nf6 4. e3 Bf5 5. Nc3 e6 6. Nh4 Bg6 7. Nxg6 hxg6 8. Bd2 Nbd7 9. Qc2 Rc8 10. 0-0-0 dxc4 11. Bxc4 b5 12. Be2 a6 13. e4 c5 14. d5 e5 15. d6 Bxd6 16. g4 Nb6 17. g5 Nfd7 18. Be3 Rc6 19. h4 c4 20. h5 gxh5 21. Bxh5 Bc5 22. Qe2 Bxe3+ 23. Qxe3 g6 24. Bg4 Rxh1 25. Rxh1 Nf8 26. Nd5 Nxd5 27. exd5 Rd6 28. Qxe5+ Qe7 29. Re1 Qxe5 30. Rxe5+ Kd8 31. f4 Nd7 32. Bxd7 Rxd7 33. Kc2 b4 34. a3 bxa3 35. bxa3 Rb7 1/2-1/2

[Event "Budapest FS11 GM"]
[Site "Budapest"]
[Date "2023.11.10"]
[Round "6"]
[White "Pacher, Milan"]
[Black "Tyurin, Artem"]
[Result "0-1"]
[WhiteElo "2388"]
[BlackElo "2302"]
[PlyCount "68"]
[EventDate "2023.11.04"]
[EventType "tourn"]
[EventRounds "9"]
[EventCountry "HUN"]
[EventCategory "6"]
[SourceTitle "CB47_2023"]
[SourceDate "2023.11.22"]
[SourceVersion "1"]
[SourceVersionDate "2023.11.22"]
[SourceQuality "1"]

1. e4 e5 2. Nf3 Nf6 3. Nxe5 d6 4. Nf3 Nxe4 5. Qe2 Qe7 6. d3 Nf6 7. Bg5 Nbd7 8. Nc3 Qxe2+ 9. Bxe2 h6 10. Bh4 Be7 11. Kd2 Nb6 12. a4 Nbd5 13. Rhe1 Nf4 14. Bf1 Ne6 15. a5 Kd8 16. b4 g5 17. Bg3 g4 18. Nh4 Nh5 19. Nf5 Bg5+ 20. Kd1 Nhg7 21. Nxg7 Nxg7 22. Ne4 f5 23. Nxg5 hxg5 24. f4 gxf3 25. gxf3 f4 26. Bf2 Rxh2 27. Bd4 Nf5 28. Bf6+ Kd7 29. Bxg5 Ne3+ 30. Kc1 Rxc2+ 31. Kb1 Rf2 32. Be2 Ng2 33. Kc2 Kc6 34. Kc3 Bf5 0-1

[Event "RUS-ch Rapid"]
[Site "Sochi"]
[Date "2023.10.16"]
[Round "6"]
[White "Drygalov, Andrey"]
[Black "Tyurin, Artem"]
[Result "1-0"]
[WhiteElo "2475"]
[BlackElo "2302"]
[PlyCount "45"]
[EventDate "2023.10.15"]
[EventType "swiss (rapid)"]
[EventRounds "11"]
[EventCountry "RUS"]
[SourceTitle "Mega2024 Update 01"]
[Source "Chessbase"]
[SourceDate "2023.11.12"]
[SourceVersion "1"]
[SourceVersionDate "2023.11.12"]
[SourceQuality "1"]

1. d4 Nf6 2. c4 e6 3. Nc3 Bb4 4. e3 0-0 5. Bd3 Re8 6. Nge2 d5 7. 0-0 dxc4 8. Bxc4 Bd6 9. e4 e5 10. dxe5 Bxe5 11. Qxd8 Rxd8 12. Bg5 Be6 13. Bxe6 fxe6 14. f4 Bd6 15. Rfd1 a6 16. e5 Nfd7 17. Ne4 Nb6 18. Nc5 Nc6 19. Nxb7 Nd5 20. f5 h6 21. fxe6 hxg5 22. Rxd5 Nb4 23. Re1 1-0

[Event "RUS-ch Rapid"]
[Site "Sochi"]
[Date "2023.10.15"]
[Round "2"]
[White "Iljiushenok, Ilia"]
[Black "Tyurin, Artem"]
[Result "1/2-1/2"]
[WhiteElo "2547"]
[BlackElo "2302"]
[PlyCount "103"]
[EventDate "2023.10.15"]
[EventType "swiss (rapid)"]
[EventRounds "11"]
[EventCountry "RUS"]
[SourceTitle "Mega2024 Update 01"]
[Source "Chessbase"]
[SourceDate "2023.11.12"]
[SourceVersion "1"]
[SourceVersionDate "2023.11.12"]
[SourceQuality "1"]

1. e4 e6 2. d4 d5 3. e5 c5 4. c3 Nc6 5. Nf3 Qb6 6. a3 Bd7 7. b4 cxd4 8. cxd4 Rc8 9. Be3 Nh6 10. Bd3 Ng4 11. 0-0 Be7 12. Qe2 Nxe3 13. fxe3 0-0 14. Nbd2 a5 15. b5 Na7 16. a4 Rc3 17. e4 Nc8 18. Qe3 g6 19. Rfc1 Qc7 20. Nb3 Nb6 21. Nc5 Nc4 22. Qh6 Rxc1+ 23. Rxc1 Rc8 24. exd5 exd5 25. Bxc4 Bf8 26. Qh4 Bxc5 27. dxc5 Qxc5+ 28. Kh1 Qa3 29. Rf1 dxc4 30. Ng5 h5 31. Nxf7 Qd3 32. Qf6 Bf5 33. Rg1 Qd7 34. Nd6 Rf8 35. Qg5 c3 36. Rc1 c2 37. h3 Qe6 38. Nxf5 Rxf5 39. Qd8+ Kg7 40. Qc7+ Rf7 41. Qc3 Rf2 42. Rxc2 Rxc2 43. Qxc2 Qxe5 44. Qd1 b6 45. Qd7+ Kh6 46. Qd2+ Kg7 47. Qd7+ Kh6 48. Qd2+ Kg7 49. Qd1 Qe3 50. Qd6 Kh7 51. Kh2 Kg7 52. Kh1 1/2-1/2

[Event "RUS-ch Rapid"]
[Site "Sochi"]
[Date "2023.10.15"]
[Round "4"]
[White "Shubin, Kirill"]
[Black "Tyurin, Artem"]
[Result "1/2-1/2"]
[WhiteElo "2440"]
[BlackElo "2302"]
[PlyCount "56"]
[EventDate "2023.10.15"]
[EventType "swiss (rapid)"]
[EventRounds "11"]
[EventCountry "RUS"]
[SourceTitle "Mega2024 Update 01"]
[Source "Chessbase"]
[SourceDate "2023.11.12"]
[SourceVersion "1"]
[SourceVersionDate "2023.11.12"]
[SourceQuality "1"]

1. e4 c6 2. d4 d5 3. exd5 cxd5 4. Bd3 Nc6 5. c3 g6 6. Bf4 Bf5 7. Bxf5 gxf5 8. Nd2 e6 9. Nh3 Bd6 10. Qe2 Bxf4 11. Nxf4 Qd6 12. Nd3 0-0-0 13. a4 Nge7 14. a5 Kb8 15. b4 Ng6 16. 0-0 Rhg8 17. f4 Rc8 18. Nb3 Nf8 19. Nbc5 Nd7 20. Rfb1 Nf6 21. b5 Nd8 22. b6 a6 23. Nb4 Rxc5 24. dxc5 Qxc5+ 25. Kh1 Ne4 26. Rb2 Nc6 27. Nxc6+ Qxc6 28. c4 Rh8 1/2-1/2

[Event "RUS-ch Rapid"]
[Site "Sochi"]
[Date "2023.10.15"]
[Round "3"]
[White "Tyurin, Artem"]
[Black "Grachev, Alexey1"]
[Result "1-0"]
[WhiteElo "2302"]
[BlackElo "2406"]
[PlyCount "127"]
[EventDate "2023.10.15"]
[EventType "swiss (rapid)"]
[EventRounds "11"]
[EventCountry "RUS"]
[SourceTitle "Mega2024 Update 01"]
[Source "Chessbase"]
[SourceDate "2023.11.12"]
[SourceVersion "1"]
[SourceVersionDate "2023.11.12"]
[SourceQuality "1"]

1. c4 c5 2. Nf3 Nf6 3. Nc3 Nc6 4. d4 cxd4 5. Nxd4 g6 6. e4 d6 7. Be2 Nxd4 8. Qxd4 Bg7 9. 0-0 0-0 10. Qd3 Be6 11. Be3 Nd7 12. b3 a6 13. Rac1 Qa5 14. Bd4 Bxd4 15. Qxd4 Rfc8 16. Kh1 b5 17. cxb5 axb5 18. f4 b4 19. Na4 Nc5 20. f5 Bd7 21. Bc4 Be8 22. Nxc5 Rxc5 23. Rc2 Qa7 24. Rcf2 Ra5 25. Qxa7 R8xa7 26. fxg6 hxg6 27. Bxf7+ Bxf7 28. Rxf7 Re5 29. Rf8+ Kg7 30. R1f7+ Kh6 31. h4 Kh5 32. Rf4 Kh6 33. g4 e6 34. Kg2 Rxa2+ 35. Kf3 Ra7 36. R8f7 Rxf7 37. Rxf7 g5 38. Rf6+ Kg7 39. hxg5 d5 40. exd5 exd5 41. Rd6 Re1 42. Rxd5 Rb1 43. Rd3 Kg6 44. Kf4 Rf1+ 45. Ke5 Rb1 46. Kd5 Rc1 47. Rd4 Kxg5 48. Rxb4 Rb1 49. Kc5 Kh4 50. Kc6 Kg5 51. Rb8 Kxg4 52. b4 Kf5 53. b5 Rc1+ 54. Kb7 Ke6 55. Rd8 Rb1 56. b6 Ke7 57. Rd4 Ke6 58. Ka7 Ra1+ 59. Kb8 Rb1 60. b7 Ra1 61. Kc7 Rc1+ 62. Kb6 Rb1+ 63. Ka6 Ke5 64. Rd8 1-0

[Event "RUS-ch Blitz"]
[Site "Sochi"]
[Date "2023.10.14"]
[Round "2"]
[White "Afanasiev, Nikita"]
[Black "Tyurin, Artem"]
[Result "1/2-1/2"]
[WhiteElo "2533"]
[BlackElo "2302"]
[PlyCount "47"]
[EventDate "2023.10.14"]
[EventType "swiss (blitz)"]
[EventRounds "13"]
[EventCountry "RUS"]
[SourceTitle "Mega2024 Update 01"]
[Source "Chessbase"]
[SourceDate "2023.11.12"]
[SourceVersion "1"]
[SourceVersionDate "2023.11.12"]
[SourceQuality "1"]

1. Nf3 d5 2. g3 c5 3. Bg2 Nc6 4. d4 Nf6 5. 0-0 e6 6. c4 dxc4 7. dxc5 Qxd1 8. Rxd1 Bxc5 9. Nbd2 c3 10. bxc3 0-0 11. Nb3 Be7 12. Nfd4 Nxd4 13. cxd4 Nd5 14. e4 Nc3 15. Re1 Bd7 16. Bd2 Rac8 17. Bf1 Ba3 18. Bxc3 Rxc3 19. Rad1 Ba4 20. Rb1 Rfc8 21. d5 exd5 22. exd5 Bxb3 23. Rxb3 Rxb3 24. axb3 1/2-1/2

[Event "St Petersburg Blitz 2023"]
[Site "St Petersburg"]
[Date "2023.08.25"]
[Round "8"]
[White "Sek, Konstantin"]
[Black "Tyurin, Artem"]
[Result "1-0"]
[WhiteElo "2400"]
[BlackElo "2302"]
[PlyCount "89"]
[EventDate "2023.08.25"]
[EventType "game (blitz)"]
[EventRounds "11"]
[EventCountry "RUS"]
[SourceTitle "EXT 2024"]
[Source "ChessBase"]
[SourceDate "2023.10.10"]
[SourceVersion "1"]
[SourceVersionDate "2023.10.10"]
[SourceQuality "1"]

1. e4 e6 2. d4 d5 3. Nd2 c5 4. c3 cxd4 5. cxd4 dxe4 6. Nxe4 Bd7 7. Nf3 Bc6 8. Bd3 Bb4+ 9. Nc3 Nf6 10. 0-0 0-0 11. Ne5 h6 12. a3 Bd6 13. Re1 Nbd7 14. Nxc6 bxc6 15. Qf3 Nd5 16. Ne4 N7f6 17. Nxd6 Qxd6 18. Bd2 Rab8 19. b4 Rfd8 20. Rac1 Ne7 21. Bf4 Qxd4 22. Bxb8 Rxb8 23. Red1 Qb2 24. Rc2 Qe5 25. Re2 Qc7 26. g3 Ned5 27. Rc2 Qb6 28. Rdc1 Ne7 29. Be4 a5 30. bxa5 Qxa5 31. Bxc6 Nf5 32. Be4 Nd6 33. Bd3 e5 34. Qc6 Rd8 35. Qc7 Qa8 36. a4 e4 37. Bf1 Rd7 38. Qc6 Qe8 39. Rc3 Qe5 40. Rc5 Qd4 41. R5c3 Qe5 42. Qc5 Nd5 43. Rb3 Re7 44. Rd1 Nf6 45. Qxe5 1-0

[Event "St Petersburg Blitz 2023"]
[Site "St Petersburg"]
[Date "2023.08.25"]
[Round "4"]
[White "Tyurin, Artem"]
[Black "Ponkratov, Pavel"]
[Result "0-1"]
[WhiteElo "2302"]
[BlackElo "2595"]
[PlyCount "100"]
[EventDate "2023.08.25"]
[EventType "game (blitz)"]
[EventRounds "11"]
[EventCountry "RUS"]
[SourceTitle "EXT 2024"]
[Source "ChessBase"]
[SourceDate "2023.10.10"]
[SourceVersion "1"]
[SourceVersionDate "2023.10.10"]
[SourceQuality "1"]

1. Nf3 c5 2. c4 Nf6 3. Nc3 e6 4. g3 b6 5. Bg2 Bb7 6. 0-0 Be7 7. Re1 d6 8. e4 a6 9. d4 cxd4 10. Nxd4 Qc7 11. Be3 Nbd7 12. Rc1 0-0 13. f4 Rfe8 14. g4 Nc5 15. Bf2 e5 16. Nf5 exf4 17. Bd4 g6 18. g5 Nh5 19. Bf3 Bxg5 20. Bxh5 gxf5 21. Nd5 Bxd5 22. cxd5 Qd7 23. Rc2 Rxe4 24. Rg2 h6 25. h4 Qe7 26. Rxe4 Nxe4 27. hxg5 hxg5 28. Bf3 Ng3 29. Bf2 Rc8 30. Bxg3 fxg3 31. Re2 Qf6 32. Rc2 Rxc2 33. Qxc2 Kg7 34. Kg2 Qe5 35. Qc3 Qxc3 36. bxc3 f4 37. Bh5 f5 38. Be2 a5 39. Bd3 Kf6 40. Bc2 Ke5 41. Bb1 Kxd5 42. Bxf5 Kc4 43. Kf3 Kxc3 44. Be6 b5 45. Bd5 b4 46. Kg4 Kd4 47. Bf3 a4 48. Kxg5 Ke3 49. Kg4 b3 50. axb3 a3 0-1

[Event "St Petersburg Blitz 2023"]
[Site "St Petersburg"]
[Date "2023.08.25"]
[Round "7"]
[White "Tyurin, Artem"]
[Black "Yanchenko, Roman"]
[Result "1-0"]
[WhiteElo "2302"]
[BlackElo "2466"]
[PlyCount "112"]
[EventDate "2023.08.25"]
[EventType "game (blitz)"]
[EventRounds "11"]
[EventCountry "RUS"]
[SourceTitle "EXT 2024"]
[Source "ChessBase"]
[SourceDate "2023.10.10"]
[SourceVersion "1"]
[SourceVersionDate "2023.10.10"]
[SourceQuality "1"]

1. Nf3 d5 2. g3 Nf6 3. Bg2 Bf5 4. 0-0 e6 5. c4 c6 6. Qb3 Qb6 7. d3 Nbd7 8. Be3 Bc5 9. Bxc5 Nxc5 10. Qc3 0-0 11. b4 Ncd7 12. Nbd2 Rfd8 13. Nb3 dxc4 14. Qxc4 Bg6 15. Rab1 Rac8 16. Nc5 Qc7 17. Rfc1 Nd5 18. Nxd7 Rxd7 19. h4 a6 20. a4 Nb6 21. Qb3 Qd6 22. Rc5 Rdc7 23. h5 Bf5 24. e4 Bg4 25. Ne5 Be2 26. Re1 Bxh5 27. a5 Nd7 28. Nxd7 Rxd7 29. Rxh5 Qxd3 30. Qxd3 Rxd3 31. Rc5 Rcd8 32. Bf1 Rb3 33. Rc4 Rb2 34. Rcc1 Kf8 35. Red1 Rxd1 36. Rxd1 Rxb4 37. Rd8+ Ke7 38. Rb8 c5 39. e5 c4 40. Kg2 c3 41. Rc8 Re4 42. Rxc3 Rxe5 43. Rc7+ Kf6 44. Rxb7 Rxa5 45. Ra7 Ra2 46. Rxa6 Rb2 47. Ra4 g5 48. Bd3 h6 49. Bf1 Rd2 50. Ra8 Kg7 51. Ra7 Rd4 52. Ra5 Rb4 53. Be2 Rd4 54. Bf3 Rd6 55. Ra7 Rb6 56. Bh5 Kf6 1-0

[Event "Uralsk op"]
[Site "Uralsk"]
[Date "2023.07.22"]
[Round "3"]
[White "Tyurin, Artem"]
[Black "Petrosyan, Manuel"]
[Result "1/2-1/2"]
[WhiteElo "2342"]
[BlackElo "2627"]
[PlyCount "223"]
[EventDate "2023.07.21"]
[EventType "swiss"]
[EventRounds "9"]
[EventCountry "KAZ"]
[SourceTitle "CBM 215 Extra"]
[Source "ChessBase"]
[SourceDate "2023.09.30"]
[SourceVersion "1"]
[SourceVersionDate "2023.09.30"]
[SourceQuality "1"]

1. c4 Nf6 2. Nc3 e5 3. Nf3 Nc6 4. e3 Bb4 5. Qc2 Bxc3 6. bxc3 d6 7. e4 0-0 8. Be2 h6 9. 0-0 b6 10. d3 Ne7 11. Ne1 Ng6 12. g3 Bh3 13. Ng2 Nh7 14. d4 f5 15. exf5 Bxf5 16. Bd3 Bxd3 17. Qxd3 Qe8 18. f4 exf4 19. Bxf4 Rf6 20. c5 dxc5 21. dxc5 Qc6 22. cxb6 cxb6 23. c4 Rc8 24. Qd5+ Kh8 25. Rad1 Qxc4 26. Qxc4 Rxc4 27. h4 Kg8 28. Rd7 Ra4 29. Rc1 Ngf8 30. Re7 Re6 31. Rb7 Re2 32. Bd6 Raxa2 33. Nf4 Red2 34. Bb4 Rd7 35. Rb8 Kf7 36. Rf1 Ng6 37. Nh5+ Nf6 38. Bc3 Rc2 39. Nxf6 gxf6 40. Rc8 Ne5 41. Rf2 Rxf2 42. Kxf2 h5 43. Ke3 Rd3+ 44. Ke4 Rxg3 45. Bxe5 fxe5 46. Kxe5 Re3+ 47. Kf5 Re8 48. Rc6 Re7 49. Rh6 Kg7 50. Rxh5 Rc7 51. Ke4 Rc4+ 52. Kd3 Ra4 53. Kc3 Kg6 54. Rh8 Ra5 55. Rg8+ Kh5 56. Rh8+ Kg4 57. Rh7 Rc5+ 58. Kb3 a5 59. Ka4 Rh5 60. Rb7 Rh6 61. Kb5 Kxh4 62. Rg7 Kh5 63. Rg1 Rg6 64. Rf1 Kg5 65. Rf2 Rf6 66. Re2 Kf5 67. Re1 Re6 68. Rd1 Ke5 69. Rd2 Rd6 70. Re2+ Kf6 71. Rh2 Ke6 72. Rh6+ Kd7 73. Rh7+ Ke6 74. Rh1 Kf5 75. Re1 Re6 76. Rf1+ Ke5 77. Re1+ Kd6 78. Rh1 Ke7 79. Rh7+ Kf6 80. Rh1 Kg5 81. Rf1 Rf6 82. Rg1+ Kf5 83. Re1 Rh6 84. Re2 Re6 85. Rf2+ Ke5 86. Rd2 Kf6 87. Rh2 Ke7 88. Rh7+ Kd8 89. Rh8+ Ke7 90. Rh7+ Kf6 91. Rh2 Rd6 92. Rf2+ Ke7 93. Rh2 Kd7 94. Rh7+ Kc8 95. Rg7 Rd7 96. Rg6 Rb7 97. Rg8+ Kc7 98. Rg6 Rb8 99. Rc6+ Kd7 100. Rh6 Ke7 101. Rc6 Ke8 102. Rh6 Kd7 103. Rg6 Ra8 104. Kxb6 a4 105. Kb7 Rh8 106. Rg3 Kd6 107. Ra3 Rh4 108. Kb6 Rb4+ 109. Ka5 Kc5 110. Rc3+ Rc4 111. Rxc4+ Kxc4 112. Kxa4 1/2-1/2

[Event "Astana Zhuldyzdary op-A"]
[Site "Astana"]
[Date "2023.07.14"]
[Round "5"]
[White "Tyurin, Artem"]
[Black "Rakhimzhan, Alen"]
[Result "0-1"]
[WhiteElo "2342"]
[BlackElo "2154"]
[PlyCount "96"]
[EventDate "2023.07.11"]
[EventType "swiss"]
[EventRounds "10"]
[EventCountry "KAZ"]
[SourceTitle "CBM 215 Extra"]
[Source "ChessBase"]
[SourceDate "2023.09.30"]
[SourceVersion "1"]
[SourceVersionDate "2023.09.30"]
[SourceQuality "1"]

1. c4 e6 2. Nc3 d5 3. d4 a6 4. cxd5 exd5 5. Qb3 c5 6. Nxd5 Nc6 7. Nf3 cxd4 8. e4 Bd6 9. Bg5 Nge7 10. Bd3 0-0 11. 0-0 Be6 12. Nxe7+ Bxe7 13. Qxb7 Bxg5 14. Qxc6 Bf4 15. h3 Qa5 16. Qc2 Rfd8 17. Qe2 g6 18. e5 Qb6 19. Qe4 Bh6 20. Qh4 Kg7 21. Qf6+ Kg8 22. Qh4 Kg7 23. Be4 Bd5 24. Rad1 Bxe4 25. Qxe4 d3 26. b3 d2 27. g4 f5 28. exf6+ Qxf6 29. Nxd2 Ra7 30. Nc4 Re7 31. Qg2 Rf8 32. Rd6 Qf4 33. Qd5 Re2 34. Qd4+ Qxd4 35. Rxd4 Rxa2 36. f4 Kg8 37. g5 Bg7 38. Re4 Rb8 39. Rb1 a5 40. Ree1 Bd4+ 41. Kh1 Bf2 42. Ra1 Rc2 43. Rec1 Re2 44. Rxa5 Rxb3 45. Ne5 Bb6 46. Rc8+ Kg7 47. Ra7+ Bxa7 48. Rc7+ Kf8 0-1

[Event "Aktobe Dvorkovich op"]
[Site "Aktobe"]
[Date "2023.06.22"]
[Round "3"]
[White "Tyurin, Artem"]
[Black "Rychagov, Andrey"]
[Result "1/2-1/2"]
[WhiteElo "2364"]
[BlackElo "2547"]
[PlyCount "37"]
[EventDate "2023.06.20"]
[EventType "swiss"]
[EventRounds "9"]
[EventCountry "KAZ"]
[SourceTitle "CBM 214 Extra"]
[Source "ChessBase"]
[SourceDate "2023.07.31"]
[SourceVersion "1"]
[SourceVersionDate "2023.07.31"]
[SourceQuality "1"]

1. c4 e5 2. g3 Nc6 3. Bg2 g6 4. Nc3 Bg7 5. e3 d6 6. Nge2 Nf6 7. 0-0 0-0 8. d4 exd4 9. exd4 Ne7 10. Re1 d5 11. cxd5 Nexd5 12. Bg5 Be6 13. Qd2 c6 14. Rad1 Qd7 15. Nf4 Rfe8 16. Nd3 Nxc3 17. bxc3 Bd5 18. Nc5 Qc7 19. Bf4 1/2-1/2

[Event "Budapest Vezerkepzo GM 04"]
[Site "Budapest"]
[Date "2023.04.17"]
[Round "5"]
[White "Tyurin, Artem"]
[Black "Kwon, Sehyun"]
[Result "0-1"]
[WhiteElo "2397"]
[BlackElo "2278"]
[PlyCount "70"]
[EventDate "2023.04.13"]
[EventType "tourn"]
[EventRounds "9"]
[EventCountry "HUN"]
[EventCategory "6"]
[SourceTitle "CBM 213 Extra"]
[Source "ChessBase"]
[SourceDate "2023.05.31"]
[SourceVersion "1"]
[SourceVersionDate "2023.05.31"]
[SourceQuality "1"]

1. c4 c5 2. Nf3 Nc6 3. d4 cxd4 4. Nxd4 Nf6 5. Nc3 e6 6. a3 Be7 7. e4 0-0 8. Nf3 Qc7 9. Bd3 b6 10. 0-0 Bb7 11. h3 d6 12. Be3 Rac8 13. Rc1 Nd7 14. Nd5 Qd8 15. Nxe7+ Qxe7 16. Bb1 Nce5 17. Nd2 f5 18. f4 Ng6 19. Rc3 Nc5 20. Bxc5 dxc5 21. Qe1 Qc7 22. g3 Ne7 23. Nf3 Nc6 24. Rf2 e5 25. fxe5 Nxe5 26. Nh4 fxe4 27. Rxf8+ Rxf8 28. Bxe4 Bxe4 29. Qxe4 Qf7 30. Qe2 g5 31. Re3 Nxc4 32. Rf3 Re8 33. Qf1 Qe6 34. Nf5 Nd2 35. Re3 Qxe3+ 0-1

[Event "Budapest Vezerkepzo GM 04"]
[Site "Budapest"]
[Date "2023.04.13"]
[Round "1"]
[White "Tyurin, Artem"]
[Black "Neverov, Valeriy"]
[Result "1/2-1/2"]
[WhiteElo "2397"]
[BlackElo "2413"]
[PlyCount "71"]
[EventDate "2023.04.13"]
[EventType "tourn"]
[EventRounds "9"]
[EventCountry "HUN"]
[EventCategory "6"]
[SourceTitle "CBM 213 Extra"]
[Source "ChessBase"]
[SourceDate "2023.05.31"]
[SourceVersion "1"]
[SourceVersionDate "2023.05.31"]
[SourceQuality "1"]

1. c4 e6 2. Nc3 Nf6 3. e4 c5 4. e5 Ng8 5. Nf3 Nc6 6. d4 cxd4 7. Nxd4 Nxe5 8. Ndb5 f6 9. Be3 a6 10. Nd6+ Bxd6 11. Qxd6 Ne7 12. Bb6 Nf5 13. Qb4 Qe7 14. Qxe7+ Kxe7 15. f4 Ng6 16. g3 d6 17. 0-0-0 Bd7 18. Bd3 Rac8 19. c5 dxc5 20. Bxf5 exf5 21. Rhe1+ Be6 22. Nd5+ Kf7 23. Nc7 Rxc7 24. Bxc7 Rc8 25. Ba5 Rc6 26. Rd8 b6 27. Bc3 Ne7 28. Red1 Bxa2 29. R1d6 Rxd6 30. Rxd6 Nd5 31. Rd7+ Kg6 32. Kc2 Ne3+ 33. Kd3 Nd5 34. Kc2 Ne3+ 35. Kd3 Nd5 36. Kc2 1/2-1/2

[Event "Budapest FS04 GM"]
[Site "Budapest"]
[Date "2023.04.03"]
[Round "3"]
[White "Tyurin, Artem"]
[Black "Pacher, Milan"]
[Result "1/2-1/2"]
[WhiteElo "2397"]
[BlackElo "2395"]
[PlyCount "80"]
[EventDate "2023.04.01"]
[EventType "tourn"]
[EventRounds "9"]
[EventCountry "HUN"]
[EventCategory "6"]
[SourceTitle "CBM 213 Extra"]
[Source "ChessBase"]
[SourceDate "2023.05.31"]
[SourceVersion "1"]
[SourceVersionDate "2023.05.31"]
[SourceQuality "1"]

1. c4 e6 2. Nc3 d5 3. d4 Be7 4. cxd5 exd5 5. Bf4 c6 6. e3 Bf5 7. g4 Be6 8. h4 Bxh4 9. Qb3 g5 10. Be5 f6 11. Bh2 Bxg4 12. Be2 Bxe2 13. Qxb7 Nd7 14. Kxe2 Ne7 15. Nf3 Kf7 16. Rac1 Qc8 17. Qxc8 Rhxc8 18. Nxh4 gxh4 19. Nb1 c5 20. dxc5 Nxc5 21. Bd6 Ne4 22. Bxe7 Kxe7 23. Nd2 Kd6 24. Nxe4+ dxe4 25. Rcd1+ Ke5 26. Rxh4 Rc2+ 27. Rd2 Rxd2+ 28. Kxd2 Rd8+ 29. Ke2 Rd7 30. f3 exf3+ 31. Kxf3 f5 32. Rh6 Re7 33. Ra6 Rg7 34. b3 Re7 35. a3 Rb7 36. b4 Rc7 37. a4 h5 38. a5 h4 39. Rh6 Rc4 40. Rh7 a6 1/2-1/2